| 000 | 01033cam a22003015i 4500 | ||
|---|---|---|---|
| 999 |
_c28627 _d28598 |
||
| 001 | 13542775 | ||
| 003 | EG-ScBUE | ||
| 005 | 20200831124616.0 | ||
| 008 | 040330s2004 njua f b 001 0 eng d | ||
| 020 | _a0471615307 | ||
| 020 | _a9780471615309 | ||
| 035 | _a(OCoLC)ocm53192480 | ||
| 040 |
_aUKM _beng _erda _cUKM _dBGU _dDLC _dEG-ScBUE |
||
| 082 | 0 | 4 |
_a621.3827 _bKAR _222 |
| 100 | 1 |
_aKartalopoulos, Stamatios V. _eauthor. |
|
| 245 | 1 | 0 |
_aNext generation SONET/SDH : _bvoice and data / _cStamatios V. Kartalopoulos. |
| 264 | 1 |
_aNew Jersey : _bIEEE Press, _c2004. |
|
| 300 |
_axii, 198 pages : _billustrations ; _c24 cm |
||
| 336 |
_atext _btxt _2rdacontent |
||
| 337 |
_aunmediated _bn _2rdamedia |
||
| 338 |
_avolume _bnc _2rdacarrier |
||
| 504 | _aIncludes bibliographical references and index. | ||
| 650 | 7 |
_aSONET (Data transmission) _2BUEsh |
|
| 650 | 7 |
_aSynchronous digital hierarchy (Data transmission) _2BUEsh |
|
| 650 | 7 |
_aSynchronous data transmission systems. _2BUEsh |
|
| 653 |
_bENGGEN _cAugust2020 |
||
| 942 |
_2ddc _cBB |
||